Bồi dưởng toán tiểu học 4
v.v...
Đã lưu trong:
| Tác giả chính: | |
|---|---|
| Định dạng: | Sách |
| Năm xuất bản: |
H.
Đại học sư phạm
2005
|
| Chủ đề: | |
| Tags: |
Thêm thẻ
Không có thẻ, Hãy là người đầu tiên gắn thẻ bản ghi này!
|
| LEADER | 02095nam a2200289 4500 | ||
|---|---|---|---|
| 999 | |c 11029 |d 11029 | ||
| 082 | |a 372.7 |b L250H | ||
| 100 | |a Lê Hải Châu | ||
| 245 | |a Bồi dưởng toán tiểu học 4 |c Lê Hải Châu | ||
| 260 | |a H. |b Đại học sư phạm |c 2005 | ||
| 300 | |a 167 tr. |c 24 cm. | ||
| 520 | |a v.v... | ||
| 653 | |a Giáo dục tiểu học | ||
| 653 | |a Toán học | ||
| 653 | |a Lớp 4 | ||
| 653 | |a Bồi dưỡng | ||
| 942 | |2 ddc |c STK0 | ||
| 952 | |0 0 |1 0 |2 ddc |4 0 |6 372_700000000000000_L250H |7 0 |8 300 |9 94923 |a qbu |b qbu |c D2 |d 2015-09-29 |g 18000 |o 372.7 L250H |p 10902.c1 |r 0000-00-00 |w 2015-09-29 |y STK0 | ||
| 952 | |0 0 |1 0 |2 ddc |4 0 |6 372_700000000000000_L250H |7 0 |8 300 |9 94924 |a qbu |b qbu |c D2 |d 2015-09-29 |g 18000 |l 1 |m 1 |o 372.7 L250H |p 10902.c2 |r 2020-03-05 |s 2019-09-20 |w 2015-09-29 |y STK0 | ||
| 952 | |0 0 |1 0 |2 ddc |4 0 |6 372_700000000000000_L250H |7 0 |8 300 |9 94925 |a qbu |b qbu |c D2 |d 2015-09-29 |g 18000 |o 372.7 L250H |p 10902.c3 |r 0000-00-00 |w 2015-09-29 |y STK0 | ||
| 952 | |0 0 |1 0 |2 ddc |4 0 |6 372_700000000000000_L250H |7 0 |8 300 |9 94926 |a qbu |b qbu |c D2 |d 2015-09-29 |g 18000 |o 372.7 L250H |p 10902.c4 |r 0000-00-00 |w 2015-09-29 |y STK0 | ||
| 952 | |0 0 |1 0 |2 ddc |4 0 |6 372_700000000000000_L250H |7 0 |8 300 |9 94927 |a qbu |b qbu |c D2 |d 2015-09-29 |g 18000 |l 5 |m 1 |o 372.7 L250H |p 10902.c5 |r 2016-05-14 |s 2016-05-12 |w 2015-09-29 |y STK0 | ||
| 952 | |0 0 |1 0 |2 ddc |4 0 |6 372_700000000000000_L250H |7 0 |8 300 |9 94928 |a qbu |b qbu |c D2 |d 2015-09-29 |g 18000 |l 1 |o 372.7 L250H |p 10902.c6 |r 2016-12-21 |s 2016-12-19 |w 2015-09-29 |y STK0 | ||
| 952 | |0 0 |1 0 |2 ddc |4 0 |6 372_700000000000000_L250H |7 0 |8 300 |9 94929 |a qbu |b qbu |c D2 |d 2015-09-29 |g 18000 |l 2 |o 372.7 L250H |p 10902.c7 |r 2018-01-29 |s 2018-01-23 |w 2015-09-29 |y STK0 | ||
| 952 | |0 0 |1 0 |2 ddc |4 0 |6 372_700000000000000_L250H |7 0 |8 300 |9 94930 |a qbu |b qbu |c D2 |d 2015-09-29 |g 18000 |o 372.7 L250H |p 10902.c8 |r 0000-00-00 |w 2015-09-29 |y STK0 | ||
| 952 | |0 0 |1 0 |2 ddc |4 0 |6 372_700000000000000_L250H |7 0 |8 300 |9 94931 |a qbu |b qbu |c D2 |d 2015-09-29 |g 18000 |o 372.7 L250H |p 10902.c9 |r 0000-00-00 |w 2015-09-29 |y STK0 | ||
| 952 | |0 0 |1 0 |2 ddc |4 0 |6 372_700000000000000_L250H |7 0 |8 300 |9 94932 |a qbu |b qbu |c D2 |d 2015-09-29 |g 18000 |l 5 |m 2 |o 372.7 L250H |p 10902.c10 |r 2017-11-14 |s 2017-11-06 |w 2015-09-29 |y STK0 | ||